<?xml version="1.0" encoding="UTF-8"?>
<record
    xmlns:xsi="http://www.w3.org/2001/XMLSchema-instance"
    xsi:schemaLocation="http://www.loc.gov/MARC21/slim http://www.loc.gov/standards/marcxml/schema/MARC21slim.xsd"
    xmlns="http://www.loc.gov/MARC21/slim">

  <leader>01477nam a22002897a 4500</leader>
  <controlfield tag="008">160525b        mx ||||| |||| 00| 0 spa d</controlfield>
  <datafield tag="020" ind1=" " ind2=" ">
    <subfield code="a">9786074483550</subfield>
  </datafield>
  <datafield tag="050" ind1="1" ind2="4">
    <subfield code="a">BF432.5W4</subfield>
    <subfield code="b">W4318 2014</subfield>
  </datafield>
  <datafield tag="100" ind1=" " ind2=" ">
    <subfield code="a">Weschsler, David</subfield>
    <subfield code="e">autor</subfield>
    <subfield code="9">37137</subfield>
  </datafield>
  <datafield tag="245" ind1="1" ind2="0">
    <subfield code="a">Wais-IV </subfield>
    <subfield code="b"> : escala Weschler de inteligencia para adultos-IV : manual t&#xE9;cnico </subfield>
    <subfield code="c"> / David Wechesler ; coord. Facultad de Psicolog&#xED;a, UNAM ; an&#xE1;lisis estad&#xED;stico de WAIS-IV M&#xE9;xico Ying Meng, Imelda Martinez, Jianjun Zhu ; tr. Mar&#xED;a Carolina Uribe Ferrari</subfield>
  </datafield>
  <datafield tag="250" ind1="3" ind2=" ">
    <subfield code="a">4a. edici&#xF3;n</subfield>
  </datafield>
  <datafield tag="260" ind1=" " ind2=" ">
    <subfield code="a">M&#xE9;xico</subfield>
    <subfield code="b">: El manual moderno</subfield>
    <subfield code="c">, 2014.</subfield>
  </datafield>
  <datafield tag="300" ind1=" " ind2=" ">
    <subfield code="a">231 p. ; 24 cm. </subfield>
  </datafield>
  <datafield tag="336" ind1=" " ind2=" ">
    <subfield code="a">texto</subfield>
  </datafield>
  <datafield tag="337" ind1=" " ind2=" ">
    <subfield code="a">sin medio</subfield>
  </datafield>
  <datafield tag="338" ind1=" " ind2=" ">
    <subfield code="a">volumen</subfield>
  </datafield>
  <datafield tag="505" ind1="1" ind2=" ">
    <subfield code="a">Manual de aplicaci&#xF3;n
Manual t&#xE9;cnico
Protocolo
Cuadernillo de respuestas 1
Cuadernillo de respuestas 2
Plantilla de calificaci&#xF3;n : b&#xFA;squeda de s&#xED;mbolos
Plantilla de calificaci&#xF3;n : claves
Plantilla de calificaci&#xF3;n : cancelaci&#xF3;n
Libreta de est&#xED;mulos 1
Libreta de est&#xED;mulos 2 
Cubos (9 cubos bicolor)</subfield>
  </datafield>
  <datafield tag="519" ind1=" " ind2=" ">
    <subfield code="a">Material Complementario /</subfield>
    <subfield code="b">Psicolog&#xED;a /</subfield>
    <subfield code="d">(08 005899)</subfield>
  </datafield>
  <datafield tag="650" ind1="1" ind2="4">
    <subfield code="a">ESCALA DE INTELIGENCIA WESCHSLER PARA ADULTOS</subfield>
    <subfield code="9">36790</subfield>
  </datafield>
  <datafield tag="650" ind1="2" ind2="4">
    <subfield code="a">PRUEBAS DE INTELIGENCIA</subfield>
    <subfield code="9">2363</subfield>
  </datafield>
  <datafield tag="700" ind1="1" ind2=" ">
    <subfield code="a">Menging, Ying</subfield>
    <subfield code="e">colab.</subfield>
    <subfield code="9">37138</subfield>
  </datafield>
  <datafield tag="700" ind1="2" ind2=" ">
    <subfield code="a">Mart&#xED;nez, Imelda.</subfield>
    <subfield code="e">colab.</subfield>
    <subfield code="9">37139</subfield>
  </datafield>
  <datafield tag="700" ind1="3" ind2=" ">
    <subfield code="a">Zihu, Jianjun</subfield>
    <subfield code="e">colab.</subfield>
    <subfield code="9">37140</subfield>
  </datafield>
  <datafield tag="700" ind1="4" ind2=" ">
    <subfield code="a">Uribe Ferrari, Mar&#xED;a Carolina</subfield>
    <subfield code="e">traductor</subfield>
    <subfield code="9">37141</subfield>
  </datafield>
  <datafield tag="710" ind1=" " ind2=" ">
    <subfield code="a">UNAM,</subfield>
    <subfield code="b">Facultad de Psicolog&#xED;a</subfield>
    <subfield code="9">36795</subfield>
  </datafield>
  <datafield tag="942" ind1=" " ind2=" ">
    <subfield code="2">lcc</subfield>
    <subfield code="c">LB</subfield>
  </datafield>
  <datafield tag="952" ind1=" " ind2=" ">
    <subfield code="0">0</subfield>
    <subfield code="1">0</subfield>
    <subfield code="2">lcc</subfield>
    <subfield code="4">0</subfield>
    <subfield code="7">0</subfield>
    <subfield code="a">08</subfield>
    <subfield code="b">08</subfield>
    <subfield code="d">2016-05-25</subfield>
    <subfield code="l">2</subfield>
    <subfield code="o">BF432.5W4 W4318 2014</subfield>
    <subfield code="p">08 005899</subfield>
    <subfield code="r">2017-10-25</subfield>
    <subfield code="s">2017-10-25</subfield>
    <subfield code="t">1</subfield>
    <subfield code="w">2016-05-25</subfield>
    <subfield code="y">LB</subfield>
  </datafield>
  <datafield tag="999" ind1=" " ind2=" ">
    <subfield code="c">99802</subfield>
    <subfield code="d">99802</subfield>
  </datafield>
</record>
